Awang Osman dan salasilah Raja Permaisuri Agong Tuanku Nur Zahirah (Record no. 94658)

MARC details
000 -LEADER
fixed length control field 00676nam a2200193 i 4500
001 - CONTROL NUMBER
control field C2-0289168
003 - CONTROL NUMBER IDENTIFIER
control field PPAK
005 - DATE AND TIME OF LATEST TRANSACTION
control field 20180728022037.0
008 - FIXED-LENGTH DATA ELEMENTS--GENERAL INFORMATION
fixed length control field 080802s2008 my |||| ||||| | may d
040 ## - CATALOGING SOURCE
Original cataloging agency PPAK
Language of cataloging eng
Transcribing agency PPAK
Description conventions rda
245 00 - TITLE STATEMENT
Title Awang Osman dan salasilah Raja Permaisuri Agong Tuanku Nur Zahirah
264 #1 - PRODUCTION, PUBLICATION, DISTRIBUTION, MANUFACTURE, AND COPYRIGHT NOTICE
Place of production, publication, distribution, manufacture Alor Setar, Kedah :
Name of producer, publisher, distributor, manufacturer Perbadanan Perpustakaan Awam Kedah ,
Date of production, publication, distribution, manufacture, or copyright notice 2008
300 ## - PHYSICAL DESCRIPTION
Extent 16 pages ;
Dimensions 30 cm
336 ## - CONTENT TYPE
Source rdacontent
Content type term text
337 ## - MEDIA TYPE
Source rdamedia
Media type term unmediated
338 ## - CARRIER TYPE
Source rdacarrier
Carrier type term volume
500 ## - GENERAL NOTE
General note Transkripsi ; PK 677/08 ; Temubual bersama Dato' Wira Ismail Hamid dan Datin Wira Sri Siti Fatimah bt. Dato' Abu Bakar
942 ## - ADDED ENTRY ELEMENTS (KOHA)
-- dc
Koha item type Book
Holdings
Withdrawn Not for loan Current library Shelving location Date acquired Barcode Date last seen Koha item type
  Not For Loan Perpustakaan Alor Setar Koleksi Kedah 02/08/2008 A00362184 09/05/2018 Book
  Not For Loan Perpustakaan Alor Setar Koleksi Kedah 02/08/2008 A00362185 09/05/2018 Book